| 000 | 00618nam a2200205Ia 4500 | ||
|---|---|---|---|
| 003 | GCL | ||
| 008 | 140319s9999 xx 000 0 ara d | ||
| 040 |
_aGCL / _cGCL |
||
| 082 | 0 | 4 |
_aط _b372.63 _bس ت |
| 100 | 1 | _aسمير حسين حليى | |
| 245 | 1 | 0 |
_aتعلم قواعد الخط النسخ / _cسمير حسين حليى |
| 700 | 1 | _aاحمد عبدالرازق | |
| 260 |
_aالقاهرة : _bشركة سفير |
||
| 300 | _a32 ص | ||
| 490 |
_aتعلم قواعد الخط _v0 |
||
| 650 | 0 | 4 | _aالاطفال |
| 650 | 0 | 4 | _aتعليم الاطفال |
| 650 | 0 | 4 | _aالخط العربى |
| 942 |
_2ddc _cBK |
||
| 999 |
_c56977 _d56977 |
||